00876nam a22002057a 450000500170000000800410001702000180005804000070007604100080008308200210009110000230011224500720013526000420020730000260024936500560027552002780033165000240060965000140063370000230064720251206112359.0220903b ||||| |||| 00| 0 eng d a9789383166152 cAL aeng 223a820.12bKAMG aMartin Kampchen Ed aGitanjali rebornb: William Radices writings on Rabindranath Tagore aNew DelhibSocial Science Pressc2017 axii.236pbHBc22x15cm 2Englisha3496b663.00c₹d850.00e22%f09-08-2022 aReading books is a kind of enjoyment. Reading books is a good habit. We bring you a different kinds of books. You can carry this book where ever you want. It is easy to carry. It can be an ideal gift to yourself and to your loved ones. Care instruction keep away from fire. aRabindranath Tagore aGitanjali aKampchen Martin Ed